[Event "Imperia Corallo op-A 3rd"]
[Site "Imperia"]
[Date "2008.11.23"]
[Round "5"]
[White "Lo Dico, Angela"]
[Black "Nanni, Sergio"]
[Result "1-0"]
[WhiteElo "1710"]
[BlackElo "1747"]
[PlyCount "41"]
[EventDate "2008.11.21"]
[EventType "swiss"]
[EventRounds "5"]
[EventCountry "ITA"]
[SourceTitle "EXT 2011"]
[Source "ChessBase"]
[SourceDate "2010.11.26"]
[SourceVersion "1"]
[SourceVersionDate "2010.11.26"]
[SourceQuality "1"]

1. f4 e5 2. fxe5 Nc6 3. Nf3 d6 4. e4 Nxe5 5. d4 Nxf3+ 6. Qxf3 Nf6 7. Bd3 g6 8. 0-0 Bg7 9. Bg5 Bg4 10. Qf4 Bf5 11. Bxf6 Bxf6 12. exf5 Qe7 13. Nd2 0-0-0 14. Rae1 Qf8 15. fxg6 Bg7 16. gxf7 Bh6 17. Qg4+ Kb8 18. Ne4 Bg7 19. c3 h5 20. Qh4 Bh6 21. Ng5 1-0

[Event "Olomouc op"]
[Site "Olomouc"]
[Date "2008.08.05"]
[Round "7"]
[White "Lo Dico, Angela"]
[Black "Lang, Anders"]
[Result "1-0"]
[WhiteElo "1672"]
[BlackElo "1920"]
[PlyCount "79"]
[EventDate "2008.07.31"]
[EventType "swiss"]
[EventRounds "9"]
[EventCountry "CZE"]
[SourceTitle "CBM 125 Extra"]
[Source "ChessBase"]
[SourceDate "2008.09.01"]
[SourceVersion "1"]
[SourceVersionDate "2008.09.01"]
[SourceQuality "1"]

1. f4 d6 2. Nf3 Bg4 3. e3 e5 4. fxe5 dxe5 5. Nc3 Bb4 6. Be2 Bxc3 7. bxc3 Nc6 8. 0-0 Qd7 9. Rb1 b6 10. d3 Nf6 11. Ba3 0-0-0 12. h3 h5 13. Ng5 Be6 14. c4 Ne7 15. Qd2 Bxc4 16. Qb4 Ned5 17. Qxc4 Nxe3 18. Qa6+ Kb8 19. Rf2 Rhe8 20. Bc5 Nfd5 21. a4 Nc3 22. Rb4 Nxe2+ 23. Rxe2 Nd5 24. Rb3 f6 25. Nf3 Qc6 26. Bf2 Nc3 27. Re1 g5 28. a5 Rd7 29. axb6 cxb6 30. Bxb6 Nb5 31. Rxb5 Ka8 32. c4 Rb7 33. Ra1 Ree7 34. Qa5 Red7 35. Qb4 Rd6 36. Bc5 Rdd7 37. Rxa7+ Kb8 38. Raxb7+ Rxb7 39. Rxb7+ Qxb7 40. Qxb7+ 1-0